[Event "Astana Zhuldyzdary Open A"]
[Site "Astana KAZ"]
[Date "2023.07.18"]
[Round "10.25"]
[White "Balabayeva, Xeniya"]
[Black "Zarubitski, Viachaslau"]
[Result "0-1"]
[WhiteTitle "WIM"]
[BlackTitle "IM"]
[WhiteElo "2239"]
[BlackElo "2423"]
[WhiteFideId "13719688"]
[BlackFideId "13509373"]
[EventDate "2023.07.11"]

1. d4 Nf6 2. Bf4 g6 3. e3 Bg7 4. h3 O-O 5. Nf3 d6 6. Be2 Nbd7 7. c3 b6 8. Nbd2
Bb7 9. O-O Qe8 10. Nc4 Ne4 11. Bh2 e5 12. Qb3 a5 13. Rad1 Qe7 14. Rfe1 exd4 15.
exd4 Ng5 16. Bf4 Ne6 17. Bg3 Nf6 18. Ncd2 Nh5 19. Bc4 a4 20. Qa3 Nxg3 21. fxg3
Qd7 22. d5 Nc5 23. Qb4 a3 24. b3 Qf5 25. Nb1 Qf6 26. Bb5 h5 27. Qf4 Nxb3 28.
Qxf6 Bxf6 29. c4 Bc8 30. Rd3 Nc5 31. Rxa3 Bf5 32. Bc6 Rxa3 33. Nxa3 Bd3 34. g4
hxg4 35. hxg4 Kg7 36. Nb5 Bd8 37. Rc1 f5 38. g5 Rf7 39. Nbd4 Re7 40. Rc3 Re4 41.
Rxd3 Nxd3 42. Ne6+ Rxe6 43. dxe6 Ne5 44. Nxe5 dxe5 45. c5 Bxg5 46. cxb6 cxb6 47.
Kf1 Kf6 48. Be8 Kg7 49. Ke2 Be7 50. a4 Kf6 51. Bd7 e4 52. Bc8 Ke5 53. Bd7 f4 54.
Be8 g5 55. Bh5 Kf5 56. Be8 g4 57. Bc6 f3+ 58. gxf3 exf3+ 59. Ke3 Bc5+ 60. Kd3
Kf4 0-1

[Event "Astana Zhuldyzdary Open A"]
[Site "Astana KAZ"]
[Date "2023.07.18"]
[Round "10.26"]
[White "Kvan, Andrey"]
[Black "Begmuratov, Khumoyun"]
[Result "0-1"]
[BlackTitle "FM"]
[WhiteElo "2228"]
[BlackElo "2391"]
[WhiteFideId "13701738"]
[BlackFideId "14210207"]
[EventDate "2023.07.11"]

1. d4 Nf6 2. Nf3 e6 3. e3 b6 4. Bd3 Bb7 5. O-O Be7 6. Qe2 d5 7. Nbd2 c5 8. dxc5
bxc5 9. c4 O-O 10. cxd5 exd5 11. Rd1 Qc7 12. b3 Nc6 13. Bb2 Nb4 14. Nf1 c4 15.
bxc4 Nxd3 16. Qxd3 dxc4 17. Qc3 a5 18. Rac1 Rfc8 19. Ng3 Bb4 20. Qe5 Qxe5 21.
Bxe5 c3 22. Ne1 Ne4 23. f3 Nxg3 24. hxg3 f6 25. Bd4 Bd5 26. Rc2 Bc6 27. Rcc1 Bd5
28. Rc2 Bc6 29. Rcc1 Ba4 30. Nc2 Rab8 31. Rd3 Bf8 32. Rxc3 Rxc3 33. Bxc3 Rc8 34.
Bxa5 Rxc2 35. Rxc2 Bxc2 36. Bc3 Ba3 37. g4 Bb1 38. Kf2 Bxa2 39. Bd4 Kf7 40. Bb6
Bd6 41. Ba7 Bc4 42. Bb6 Ke6 43. Ba7 Bb5 44. g3 Kd5 45. Bb6 Bc5 46. Bd8 Kc4 47.
g5 f5 48. g6 hxg6 49. Bg5 Kd3 50. g4 fxg4 51. fxg4 Ke4 0-1

[Event "Astana Zhuldyzdary Open A"]
[Site "Astana KAZ"]
[Date "2023.07.18"]
[Round "10.27"]
[White "Kuderinov, Kirill"]
[Black "Balmagambetov, Timur"]
[Result "1-0"]
[WhiteTitle "IM"]
[WhiteElo "2386"]
[BlackElo "2143"]
[WhiteFideId "13701568"]
[BlackFideId "13730258"]
[EventDate "2023.07.11"]

1. d4 Nf6 2. Nc3 d5 3. Bf4 g6 4. Qd2 Bg7 5. Bh6 O-O 6. Bxg7 Kxg7 7. h4 c5 8.
dxc5 Qa5 9. h5 e5 10. hxg6 fxg6 11. Qh6+ Kg8 12. e4 Nbd7 13. O-O-O Rf7 14. Nf3
Nf8 15. Nxe5 Rg7 16. Qg5 Nxe4 17. Nxe4 dxe4 18. Qd8 Qxd8 19. Rxd8 Rc7 20. Bc4+
Kg7 21. Rh4 Rxc5 22. Rf4 Be6 23. Rxa8 Rxe5 24. Rfxf8 Bxc4 25. Rfe8 Rf5 26. Rxe4
Bf7 27. f3 a6 28. Re7 Kh6 29. Rf8 Kg7 30. Rb8 Kf6 31. Rexb7 1-0

[Event "Astana Zhuldyzdary Open A"]
[Site "Astana KAZ"]
[Date "2023.07.18"]
[Round "10.28"]
[White "Danielyan, Vahe"]
[Black "Bulatov, Ramil"]
[Result "1-0"]
[WhiteTitle "IM"]
[WhiteElo "2346"]
[BlackElo "2132"]
[WhiteFideId "13304828"]
[BlackFideId "4166140"]
[EventDate "2023.07.11"]

1. e4 e6 2. d4 d5 3. Nc3 Nf6 4. Bg5 dxe4 5. Nxe4 Be7 6. Bxf6 Bxf6 7. Nf3 O-O 8.
c3 Nd7 9. Bd3 e5 10. d5 g6 11. h4 Bg7 12. h5 f5 13. Neg5 e4 14. d6 exd3 15. Qb3+
Kh8 16. hxg6 h6 17. O-O-O Ne5 18. dxc7 Qxc7 19. Nxe5 Qxe5 20. Kb1 f4 21. Nf7+
Rxf7 22. Qxf7 1-0

[Event "Astana Zhuldyzdary Open A"]
[Site "Astana KAZ"]
[Date "2023.07.18"]
[Round "10.29"]
[White "Zverev, Lev"]
[Black "Bolat, Inayat"]
[Result "1-0"]
[WhiteTitle "FM"]
[WhiteElo "2319"]
[BlackElo "2085"]
[WhiteFideId "24250775"]
[BlackFideId "13733125"]
[EventDate "2023.07.11"]

1. e4 e5 2. Nf3 Nc6 3. Bc4 Nf6 4. d3 Bc5 5. O-O d6 6. c3 a5 7. Re1 h6 8. Nbd2
O-O 9. Nf1 Be6 10. Bb5 Na7 11. Ba4 b5 12. Bc2 b4 13. d4 Bb6 14. h3 Re8 15. Be3
bxc3 16. bxc3 Nb5 17. Qd3 Na3 18. Bb3 d5 19. Nxe5 dxe4 20. Qe2 Nd5 21. Rec1 f6
22. Nc4 Nxc4 23. Bxc4 c6 24. Bxd5 cxd5 25. Bf4 Rc8 26. Ne3 g5 27. Bh2 f5 28. Qh5
Bf7 29. Qd1 f4 30. Ng4 Kg7 31. Ne5 Bc7 32. Nxf7 Kxf7 33. c4 Qf6 34. cxd5 Bb6 35.
Qh5+ Kg7 36. Rd1 Bxd4 37. Rab1 Re7 38. Bxf4 Rc2 39. Rxd4 Qxd4 40. Be3 Qxd5 41.
h4 Qf7 42. Qd1 Rxa2 43. hxg5 h5 44. Qd4+ Kh7 45. Rb6 Re6 46. Qc4 Ra1+ 47. Kh2
Rf6 48. Qxf7+ 1-0

[Event "Astana Zhuldyzdary Open A"]
[Site "Astana KAZ"]
[Date "2023.07.18"]
[Round "10.30"]
[White "Kassimov, Baurzhan"]
[Black "Tokbayev, Anuar"]
[Result "1/2-1/2"]
[WhiteTitle "IM"]
[WhiteElo "2304"]
[BlackElo "1809"]
[WhiteFideId "13704800"]
[BlackFideId "13724703"]
[EventDate "2023.07.11"]

1. c4 e5 2. Nc3 Bb4 3. Nd5 Be7 4. d4 exd4 5. Qxd4 Nf6 6. Nxe7 Qxe7 7. Bg5 Nc6 8.
Qc3 d6 9. Nf3 Rg8 10. g3 Ne4 11. Bxe7 Nxc3 12. Bg5 Ne4 13. Bg2 Nxg5 14. Nxg5 h6
15. Ne4 Be6 16. b3 O-O-O 17. Nc3 Ne7 18. O-O-O c6 19. e4 g5 20. h4 Ng6 21. hxg5
hxg5 22. f3 Kc7 23. Ne2 a6 24. Rh5 Ne5 25. Nd4 b5 26. Nxe6+ fxe6 27. cxb5 axb5
28. Bh3 Rh8 29. Bg4 Rxh5 30. Bxh5 Rh8 31. Rh1 Nd7 32. Rh3 Nf6 33. Bg4 Rxh3 34.
Bxh3 e5 35. a3 Kb6 36. Kd2 c5 37. b4 d5 38. bxc5+ Kxc5 39. exd5 Nxd5 40. Kd3 Nf6
41. Be6 Kd6 42. Ba2 Nh5 43. g4 Nf6 44. Bf7 1/2-1/2

[Event "Astana Zhuldyzdary Open A"]
[Site "Astana KAZ"]
[Date "2023.07.18"]
[Round "10.31"]
[White "Bizhigitov, Zhangir"]
[Black "Zvereva, Margarita"]
[Result "1-0"]
[WhiteTitle "FM"]
[BlackTitle "WFM"]
[WhiteElo "2255"]
[BlackElo "1857"]
[WhiteFideId "13725599"]
[BlackFideId "34177741"]
[EventDate "2023.07.11"]

1. d4 Nf6 2. Nf3 d5 3. Bf4 e6 4. e3 c5 5. Nbd2 Nc6 6. c3 Bd6 7. Bg3 O-O 8. Bd3
c4 9. Bc2 Qc7 10. e4 dxe4 11. Nxe4 Nxe4 12. Bxe4 f5 13. Bxd6 Qxd6 14. Bc2 b5 15.
Qe2 Bb7 16. O-O Qd5 17. b3 Rf6 18. bxc4 bxc4 19. Rfb1 Ne7 20. Qe5 Ng6 21. Qxd5
Bxd5 22. Bd1 Rff8 23. Rb5 Rab8 24. Rab1 Rxb5 25. Rxb5 Rf7 26. Ng5 Rd7 27. Bf3 h6
28. Rb8+ Nf8 29. Bxd5 exd5 30. Ne6 Re7 31. Rxf8+ Kh7 32. Rxf5 Rxe6 33. g3 Re1+
34. Kg2 Rc1 35. Rxd5 Rxc3 36. Ra5 Rd3 37. Rxa7 Rxd4 38. Rc7 Rd2 39. a4 Rc2 40.
a5 Ra2 41. Rxc4 Rxa5 42. Rc6 h5 43. f4 Ra2+ 44. Kh3 Rf2 45. Rb6 Ra2 46. Rb5 Kh6
47. Rb4 Rc2 48. Rb6+ Kh7 49. Re6 Ra2 50. Re3 Rf2 51. Re4 Kh6 52. Rd4 Ra2 53. Rc4
Rb2 54. Rc6+ Kh7 55. Ra6 Rf2 56. Rb6 Ra2 57. Rb4 Kh6 58. Rb6+ Kh7 59. Rb1 Rf2
60. Rg1 Kh6 61. Rg2 Rf1 62. Ra2 g6 63. Kh4 Rb1 64. Ra5 Rb2 65. h3 Rf2 66. Ra6
Rf1 67. Rf6 Rf2 68. Rf7 Rf1 69. Re7 Rh1 70. Re3 Rf1 71. Re4 Rh1 72. Ra4 Rh2 73.
Ra8 Kg7 74. Ra6 Kf7 75. Rb6 Rg2 76. g4 hxg4 77. hxg4 Ra2 78. Kg5 Ra5+ 79. Kh6
Ra4 80. Rb7+ Kf8 81. Kxg6 Rxf4 82. Rb8+ Ke7 83. g5 Rg4 84. Rg8 Rg1 85. Kh7 Rh1+
86. Kg7 Rg1 87. g6 Rh1 88. Rf8 Rg1 89. Rf2 Re1 90. Kh7 Rh1+ 91. Kg8 Rg1 92. g7
Rg3 93. Re2+ Kd6 94. Rh2 Ke7 95. Kh8 Kf7 96. Rf2+ 1-0

[Event "Astana Zhuldyzdary Open A"]
[Site "Astana KAZ"]
[Date "2023.07.18"]
[Round "10.32"]
[White "Arestanov, Timur"]
[Black "Khamdamova, Afruza"]
[Result "1-0"]
[WhiteTitle "FM"]
[BlackTitle "WFM"]
[WhiteElo "2216"]
[BlackElo "2222"]
[WhiteFideId "13701304"]
[BlackFideId "14210444"]
[EventDate "2023.07.11"]

1. d4 Nf6 2. c4 e6 3. g3 c5 4. d5 exd5 5. cxd5 d6 6. Nc3 g6 7. Bg2 Bg7 8. Nf3
O-O 9. O-O Re8 10. Re1 a6 11. a4 Nbd7 12. h3 Ne4 13. Nxe4 Rxe4 14. Qc2 Nf6 15.
Nd2 Re8 16. Nc4 Bf5 17. e4 Bc8 18. Bf4 Bf8 19. g4 b6 20. Qb3 a5 21. Qg3 Bb7 22.
Nxd6 Bxd6 23. Bxd6 h5 24. Bc7 Qe7 25. Bxb6 Nd7 26. Bc7 hxg4 27. hxg4 Ra6 28. Bf1
Ra7 29. Bb5 Ba6 30. Bd6 Qd8 31. Bxd7 Rxd7 32. Bxc5 Qg5 33. Bd4 f5 34. exf5 Rde7
35. Re6 Rxe6 36. dxe6 Be2 37. Re1 Qxg4 38. Rxe2 Qxd4 39. Re5 Kf8 40. f6 Qd1+ 41.
Kh2 Qd2 42. Qa3+ 1-0

[Event "Astana Zhuldyzdary Open A"]
[Site "Astana KAZ"]
[Date "2023.07.18"]
[Round "10.33"]
[White "Suyarov, Mukhammadzokhid"]
[Black "Kenbeilov, Timur"]
[Result "1-0"]
[WhiteTitle "FM"]
[WhiteElo "2366"]
[BlackElo "1989"]
[WhiteFideId "14210495"]
[BlackFideId "13715755"]
[EventDate "2023.07.11"]

1. e4 c5 2. Nf3 Nc6 3. Bb5 e5 4. O-O Bd6 5. d4 Nxd4 6. Bc4 h6 7. Nxd4 cxd4 8. c3
Bc5 9. f4 d5 10. Bxd5 Nf6 11. b4 Nxd5 12. bxc5 Nxc3 13. Nxc3 dxc3 14. Qxd8+ Kxd8
15. fxe5 Be6 16. Rf3 Kc7 17. c6 Rhd8 18. Ba3 c2 19. Bd6+ Kxc6 20. Rc1 Rac8 21.
Rxc2+ Kd7 22. Rb2 Rc1+ 23. Kf2 Kc6 24. Rg3 g6 25. Ra3 a6 26. Ra4 Ra8 27. Rd4 Rc8
28. Bb4 b6 29. Bd2 Ra1 30. Rd6+ Kc7 31. Rdxb6 Rxa2 32. Rb7+ Kc6 33. R7b6+ Kc7
34. Bxh6 Rh8 35. Rb7+ Kc6 36. Be3 Rxb2+ 37. Rxb2 Rxh2 38. Rb6+ Kc7 39. Rxa6 Rh4
40. Kf3 Bc4 41. Rd6 Rh1 42. g3 Rf1+ 43. Bf2 Be6 44. Rd2 Ra1 45. Rd6 Ra4 46. Kf4
Ra2 47. Bb6+ Kb7 48. Be3 Ra3 49. Rd1 Kc7 50. Rc1+ Kd7 51. Re1 Rd3 52. Kg5 Ke7
53. Kh6 Bg4 54. Bf4 Rd1 55. Re3 Rh1+ 56. Kg7 Ra1 57. Rd3 Rd1 58. Ra3 Be6 59.
Ra7+ Kd8 60. Bg5+ Kc8 61. Ra4 Rd7 62. Bf6 Bb3 63. Ra8+ Kb7 64. Ra3 Bc4 65. Re3
Kb8 66. Rc3 Be6 67. Bg5 Kb7 68. Be3 Kb8 69. Bc5 Kb7 70. Bd6 Kb6 71. Rc1 Rb7 72.
Ra1 Kc6 73. Ra6+ Rb6 74. Ra7 Rb7 75. Ra1 Kb5 76. Kf6 Kc6 77. Rc1+ Kb6 78. Bf8
Rc7 79. Rb1+ Kc6 80. Bh6 Rd7 81. Rc1+ Kb7 82. Re1 Rd3 83. Bf4 Rd7 84. Be3 Rd3
85. g4 Rb3 86. g5 Rb4 87. Bc5 Rb2 88. Be7 Rf2+ 89. Kg7 Rf3 90. Bf6 Rf2 91. Rb1+
Kc7 92. Rc1+ Kb7 93. Rd1 Kc7 94. Rd6 Bc4 95. Rd4 Be6 96. Kf8 Rc2 97. Rd6 Bb3 98.
Ke7 Kb7 99. Rd4 Rc7+ 100. Kf8 Rc8+ 101. Kg7 Be6 102. Rd6 Bb3 103. e6 fxe6 104.
Kxg6 e5 105. Kf5 Bc2 106. Rd5 Rc3 107. Bxe5 Rc6 108. Rd2 Kc8 109. Rg2 Kd7 110.
g6 Bb3 111. Rb2 Be6+ 112. Kf4 Rc8 113. Rb7+ Ke8 114. Bd6 Ba2 115. Rb2 Bg8 116.
Ke5 Kd7 117. Rb7+ Kc6 118. Re7 Bb3 119. g7 Bg8 120. Bb4 Rb8 121. Bd2 Rd8 122.
Bf4 Bh7 123. Re6+ Kd7 1-0

[Event "Astana Zhuldyzdary Open A"]
[Site "Astana KAZ"]
[Date "2023.07.18"]
[Round "10.35"]
[White "Voinikonis, Nikita"]
[Black "Smirnov, Mark"]
[Result "1-0"]
[WhiteTitle "FM"]
[BlackTitle "CM"]
[WhiteElo "2133"]
[BlackElo "1931"]
[WhiteFideId "34187500"]
[BlackFideId "13764594"]
[EventDate "2023.07.11"]

1. d4 Nf6 2. Nc3 d5 3. Bf4 c5 4. e3 cxd4 5. exd4 a6 6. Nf3 Nc6 7. Ne5 e6 8. Be2
Qb6 9. Nxc6 Qxc6 10. a3 Bd6 11. Bxd6 Qxd6 12. O-O O-O 13. Re1 b5 14. Na2 Bd7 15.
Nb4 a5 16. Nd3 b4 17. axb4 axb4 18. Qd2 Bb5 19. Nc5 Bxe2 20. Qxe2 Qf4 21. Qe3
Qxe3 22. fxe3 Ng4 23. Rxa8 Rxa8 24. h3 Nf6 25. Nd3 Rb8 26. Ra1 h5 27. Nc5 Ne4
28. Ra5 h4 29. Kf1 b3 30. Nxb3 Nd6 31. Ra2 Nc4 32. Ke2 g5 33. Nd2 Nxb2 34. e4
Kg7 35. Ra5 Rd8 36. Ra2 Rb8 37. Ra5 Rd8 38. Rb5 Na4 39. Kd3 Rc8 40. c4 dxe4+ 41.
Nxe4 Rc6 42. Nxg5 Nb6 43. Rb4 Nd7 44. Nf3 Rd6 45. Ke3 Ra6 46. Rb7 Ra3+ 47. Kf4
Nf8 48. Nxh4 Kf6 49. Ke4 Ra4 50. Nf3 Nh7 51. Ne5 Kg5 52. Nxf7+ Kf6 53. Ne5 Ng5+
54. Kf4 Ra3 55. h4 Nh3+ 56. gxh3 Ra7 57. Nd7+ 1-0

[Event "Astana Zhuldyzdary Open A"]
[Site "Astana KAZ"]
[Date "2023.07.18"]
[Round "10.36"]
[White "Lupolov, Boris"]
[Black "Zhakan, Erasyl"]
[Result "1-0"]
[WhiteElo "2121"]
[BlackElo "1813"]
[WhiteFideId "44130457"]
[BlackFideId "13722271"]
[EventDate "2023.07.11"]

1. d4 Nf6 2. c4 e6 3. Nf3 d5 4. Bg5 Be7 5. e3 O-O 6. Nc3 b6 7. Be2 Bb7 8. Bxf6
Bxf6 9. cxd5 exd5 10. b4 Nc6 11. Rb1 Qd6 12. Qb3 Rfd8 13. O-O Be7 14. Rfc1 Qxb4
15. Nxd5 Qd6 16. Nxe7+ Qxe7 17. Rc3 Rac8 18. Rbc1 Nb4 19. Ne5 c5 20. Bc4 Nd5 21.
R3c2 cxd4 22. exd4 Qg5 23. Qg3 Qh6 24. Nxf7 Kxf7 25. Qf3+ Qf6 26. Bxd5+ Rxd5 27.
Rxc8 Qxf3 28. R8c7+ Kf6 29. gxf3 Ba6 30. R1c6+ Kf5 31. Rf7+ 1-0

[Event "Astana Zhuldyzdary Open A"]
[Site "Astana KAZ"]
[Date "2023.07.18"]
[Round "10.37"]
[White "Mukhametkali, Merey"]
[Black "Amirali, Abzal"]
[Result "0-1"]
[WhiteElo "1923"]
[BlackElo "2062"]
[WhiteFideId "13727389"]
[BlackFideId "13733346"]
[EventDate "2023.07.11"]

1. e4 c5 2. Nf3 e6 3. d3 d5 4. Nbd2 Nc6 5. g3 Nf6 6. Bg2 Be7 7. O-O O-O 8. Re1
b5 9. c3 a5 10. e5 Nd7 11. Nf1 Ba6 12. h4 b4 13. a4 Rb8 14. N1h2 Qb6 15. Qd2
bxc3 16. bxc3 Qb3 17. Bf1 d4 18. c4 Qc3 19. Ra3 Qxd2 20. Bxd2 Rb2 21. Bf4 Rfb8
22. Raa1 Nb4 23. Rab1 Na2 24. Rxb2 Rxb2 25. Bd2 Nb4 26. Ra1 Nb6 27. Be2 Bb7 28.
Bxb4 Rxb4 29. Bd1 Bc6 30. Nd2 Nxa4 31. Nb3 Bd8 32. Bc2 Nc3 33. Nxa5 Bxa5 34.
Rxa5 Rb2 35. Rxc5 Be8 0-1

[Event "Astana Zhuldyzdary Open A"]
[Site "Astana KAZ"]
[Date "2023.07.18"]
[Round "10.38"]
[White "Nurgaliyeva, Zarina"]
[Black "Kuziev, Miraziz"]
[Result "1-0"]
[WhiteTitle "WFM"]
[WhiteElo "1921"]
[BlackElo "2049"]
[WhiteFideId "13730096"]
[BlackFideId "14215772"]
[EventDate "2023.07.11"]

1. e4 e5 2. Nf3 Nc6 3. Nc3 Nf6 4. a3 d5 5. Bb5 d4 6. Ne2 Bd6 7. d3 O-O 8. Ng3
Ne7 9. Bc4 Be6 10. Bxe6 fxe6 11. c3 Nc6 12. O-O a5 13. cxd4 exd4 14. Ng5 Qd7 15.
Qb3 Rfe8 16. f4 a4 17. Qc2 h6 18. Nf3 e5 19. fxe5 Bxe5 20. Nxe5 Nxe5 21. Bxh6
Nfg4 22. Bf4 Rf8 23. Nf5 g6 24. Nh6+ Nxh6 25. Bxe5 Nf7 26. Bf6 Ra6 27. Qd2 Rb6
28. Rac1 Rb3 29. Rc4 Qb5 30. Bxd4 Nd6 31. Rxf8+ Kxf8 32. Rxc7 Rxd3 33. Qh6+ 1-0

[Event "Astana Zhuldyzdary Open A"]
[Site "Astana KAZ"]
[Date "2023.07.18"]
[Round "10.39"]
[White "Dumanuly, Sultanbeibarys"]
[Black "Shonazarov, Orash"]
[Result "1/2-1/2"]
[WhiteElo "1833"]
[BlackElo "2018"]
[WhiteFideId "13731963"]
[BlackFideId "13737910"]
[EventDate "2023.07.11"]

1. e4 e5 2. Nf3 Nc6 3. Bb5 a6 4. Ba4 Nf6 5. d4 exd4 6. O-O Be7 7. Re1 O-O 8. e5
Ne8 9. Bf4 f6 10. Bb3+ Kh8 11. Nxd4 Nxe5 12. Nc3 d6 13. Ne6 Bxe6 14. Bxe6 c6 15.
Qh5 Nc7 16. Bxe5 Nxe6 17. Bg3 Ng5 18. Ne2 Qe8 19. Qh4 d5 20. Nd4 Qd7 21. Qf4 Bc5
22. c3 Rfe8 23. h4 Re4 24. Qd2 Rxe1+ 25. Rxe1 Ne4 26. Qd3 Bxd4 27. cxd4 Nxg3 28.
Qxg3 Kg8 29. h5 h6 30. Qg6 Qf7 31. Qf5 Re8 32. Rxe8+ Qxe8 33. Kh2 Kf7 34. Qg6+
Kf8 35. Qf5 Qb8+ 36. Kh3 Qc7 37. g3 c5 38. dxc5 Qxc5 39. Qf4 Qc8+ 40. g4 Qd7 41.
Qd4 Kg8 42. f3 f5 43. a4 Qe6 44. a5 fxg4+ 45. fxg4 Qd7 46. b4 Qb5 47. Qe3 Kh7
48. Kg3 Qc6 49. Qd3+ Kg8 50. Qd4 Qd6+ 51. Kf3 Kf7 52. Ke3 Qg3+ 53. Kd2 Qg2+ 54.
Kd3 Qf3+ 55. Kd2 Qg2+ 56. Kd3 Qg3+ 57. Kd2 Qd6 58. Kd3 Qd7 59. Qf4+ Ke7 60. Kd4 1/2-1/2

[Event "Astana Zhuldyzdary Open A"]
[Site "Astana KAZ"]
[Date "2023.07.18"]
[Round "10.40"]
[White "Erserik, Adlet"]
[Black "Radzhabov, Rodion"]
[Result "0-1"]
[BlackTitle "FM"]
[WhiteElo "1992"]
[BlackElo "2303"]
[WhiteFideId "13709658"]
[BlackFideId "884715"]
[EventDate "2023.07.11"]

1. d4 Nf6 2. Bf4 c5 3. e3 Qb6 4. Nc3 d6 5. a3 cxd4 6. exd4 g6 7. Qd2 Bg7 8.
O-O-O O-O 9. Bh6 Qa5 10. h4 Bxh6 11. Qxh6 Ng4 12. Qd2 h5 13. f3 Nf6 14. g4 Kg7
15. d5 Na6 16. Nge2 hxg4 17. h5 Rh8 18. Ng3 Nc5 19. Qg5 gxf3 20. Re1 Qc7 21. Nb5
f2 22. Re3 Qd7 23. Bh3 Qxb5 24. hxg6 Rxh3 25. Rxh3 f1=Q+ 26. Nxf1 Qxf1+ 27. Kd2
Nce4+ 0-1

[Event "Astana Zhuldyzdary Open A"]
[Site "Astana KAZ"]
[Date "2023.07.18"]
[Round "10.41"]
[White "Loskutova, Viktoriya"]
[Black "Dushatov, Timur"]
[Result "1/2-1/2"]
[WhiteTitle "WFM"]
[WhiteElo "2185"]
[BlackElo "1989"]
[WhiteFideId "34166278"]
[BlackFideId "13781901"]
[EventDate "2023.07.11"]

1. e4 c5 2. Nf3 e6 3. d4 cxd4 4. Nxd4 Qc7 5. Nc3 a6 6. a3 Nc6 7. Be3 Nf6 8. f4
Nxd4 9. Qxd4 b5 10. Be2 Bb7 11. Bf3 Rc8 12. e5 Ng8 13. Ne4 Bxe4 14. Bxe4 Ne7 15.
O-O-O Nd5 16. Rd2 Nxe3 17. Qxe3 d5 18. exd6 Bxd6 19. g3 Bc5 20. Qf3 b4 21. a4
Qb6 22. Kb1 O-O 23. Qb3 Rfd8 24. Rhd1 Rxd2 25. Rxd2 Rd8 26. Rxd8+ Qxd8 1/2-1/2

[Event "Astana Zhuldyzdary Open A"]
[Site "Astana KAZ"]
[Date "2023.07.18"]
[Round "10.42"]
[White "Akhmedinov, Satbek"]
[Black "Mazhkenov, Alisher"]
[Result "0-1"]
[WhiteTitle "CM"]
[WhiteElo "1974"]
[BlackElo "2119"]
[WhiteFideId "13714287"]
[BlackFideId "13718983"]
[EventDate "2023.07.11"]

1. e4 c5 2. Nf3 d6 3. d4 cxd4 4. Nxd4 Nf6 5. Nc3 a6 6. Be3 e5 7. Nb3 Be6 8. f3
h5 9. Be2 Nbd7 10. Qd2 Rc8 11. O-O-O b5 12. Rhg1 Be7 13. g4 hxg4 14. fxg4 Rxh2
15. Rh1 Rxc3 16. bxc3 Nxe4 17. Qd3 Rxe2 18. Rh8+ Nf8 19. Qxe2 Nxc3 20. Qg2 Nxd1
21. Kxd1 Qc8 22. g5 g6 23. Na5 d5 24. Qh2 Qc3 25. Bd2 Bg4+ 26. Ke1 Qa1+ 27. Kf2
Qd4+ 28. Be3 Qe4 29. Qg3 d4 30. Bd2 Qxc2 31. Nb3 Qxa2 32. Kg1 Be2 33. Nxd4 Bc5
34. Be3 exd4 35. Qb8+ Kd7 36. Qb7+ Ke6 37. Qc6+ Bd6 38. Rh4 Qb1+ 0-1

[Event "Astana Zhuldyzdary Open A"]
[Site "Astana KAZ"]
[Date "2023.07.18"]
[Round "10.45"]
[White "Kanaev, Ardak"]
[Black "Bayantas, Asman"]
[Result "1/2-1/2"]
[WhiteElo "1865"]
[BlackElo "2046"]
[WhiteFideId "13701533"]
[BlackFideId "13725254"]
[EventDate "2023.07.11"]

1. c4 Nf6 2. Nc3 g6 3. Nf3 Bg7 4. g3 O-O 5. Bg2 d6 6. O-O Nc6 7. d3 e5 8. Bg5 h6
9. Bxf6 Bxf6 10. Rb1 a5 11. a3 Nd4 12. e3 Nxf3+ 13. Bxf3 c6 14. b4 axb4 15. axb4
Be6 16. Qb3 Be7 17. b5 d5 18. cxd5 Ra3 19. Qc4 cxd5 20. Nxd5 Qd6 21. Nxe7+ Qxe7
22. Qe4 Bf5 23. Qxb7 Qxb7 24. Bxb7 Bxd3 25. Ra1 Rb3 26. Rfd1 Bxb5 27. Rab1 Rxb1
28. Rxb1 Bd3 29. Rb3 Rd8 30. h4 Kg7 31. Rc3 Bf5 32. Rc5 Rd1+ 33. Kg2 Rd7 34. e4
Be6 1/2-1/2

[Event "Astana Zhuldyzdary Open A"]
[Site "Astana KAZ"]
[Date "2023.07.18"]
[Round "10.46"]
[White "Goganova, Yana"]
[Black "Amangeldy, Ernur"]
[Result "0-1"]
[WhiteTitle "WFM"]
[WhiteElo "1958"]
[BlackElo "1932"]
[WhiteFideId "34115428"]
[BlackFideId "13720244"]
[EventDate "2023.07.11"]

1. d4 Nf6 2. c4 e6 3. Nc3 Bb4 4. Bd2 O-O 5. a3 Bxc3 6. Bxc3 Ne4 7. Qc2 Nxc3 8.
Qxc3 b6 9. Nf3 Bb7 10. g3 c5 11. dxc5 bxc5 12. Bg2 Nc6 13. O-O Qb6 14. Rfd1 Rfd8
15. Rd6 Qc7 16. Rd2 a5 17. b3 Rab8 18. Rb1 h6 19. e3 d6 20. Ne1 Ne5 21. e4 Nc6
22. Nc2 e5 23. a4 Nd4 24. Na3 Ra8 25. Nb5 Qd7 26. Re1 Bc6 27. Ra2 Qb7 28. f3 Qe7
29. Qd3 h5 30. Bh3 g6 31. Qe3 Kg7 32. Bf1 Rf8 33. g4 hxg4 34. fxg4 Qh4 35. Rg2
Qxe1 36. Qxe1 Nf3+ 37. Kf2 Nxe1 38. Kxe1 Bxe4 39. Rd2 Rfd8 40. Nxd6 Bc6 41. g5
Rh8 42. Bg2 Rxh2 43. Bxc6 Rxd2 44. Nb7 Rb2 0-1

[Event "Astana Zhuldyzdary Open A"]
[Site "Astana KAZ"]
[Date "2023.07.18"]
[Round "10.47"]
[White "Kolosovskiy, Anton"]
[Black "Irgaliyev, Alikhan"]
[Result "0-1"]
[WhiteElo "1933"]
[BlackElo "2082"]
[WhiteFideId "13705571"]
[BlackFideId "13705610"]
[EventDate "2023.07.11"]

1. c4 f5 2. e4 fxe4 3. Nc3 Nf6 4. d3 exd3 5. Bxd3 e5 6. Bg5 Bb4 7. Ne2 O-O 8.
O-O Bxc3 9. Nxc3 d6 10. Nd5 Nbd7 11. f4 c6 12. Nxf6+ Nxf6 13. fxe5 dxe5 14. Qc2
h6 15. Bxf6 Rxf6 16. Rxf6 Qxf6 17. Rf1 Qe7 18. Qe2 Qc5+ 19. Kh1 Qd4 20. Rd1 Bg4
21. Bh7+ Kh8 22. Rxd4 Bxe2 23. Rd2 Bxc4 24. Bg6 Rf8 25. h3 Bd5 26. Re2 Rf6 27.
Bc2 Re6 28. b3 g6 29. Kg1 Kg7 30. Kf2 Kf6 31. Ke3 Ke7 32. Bd3 Rf6 33. Rd2 g5 34.
Rc2 Rf4 35. Rd2 a5 36. Rb2 h5 37. Rd2 h4 38. Rb2 b5 39. Rd2 Kd6 0-1

[Event "Astana Zhuldyzdary Open A"]
[Site "Astana KAZ"]
[Date "2023.07.18"]
[Round "10.48"]
[White "Boran, Shyngys"]
[Black "Akhilbay, Imangali"]
[Result "1-0"]
[WhiteElo "1891"]
[BlackElo "2049"]
[WhiteFideId "13715429"]
[BlackFideId "13734857"]
[EventDate "2023.07.11"]

1. e4 c5 2. Nf3 Nc6 3. d4 cxd4 4. Nxd4 g6 5. Nc3 Bg7 6. Be3 Nf6 7. Bc4 O-O 8.
Bb3 Re8 9. h3 d6 10. O-O Na5 11. Qd2 b6 12. Bh6 Bh8 13. f4 Bb7 14. Rae1 Nxb3 15.
axb3 Rc8 16. Qd3 Nd7 17. Kh1 a6 18. f5 b5 19. fxg6 hxg6 20. Qf3 Ne5 21. Qg3 b4
22. Nd5 Bxd5 23. exd5 Qa5 24. h4 Qxd5 25. Nf5 Rxc2 26. h5 Qd3 27. Nxe7+ Rxe7 28.
Qxd3 Nxd3 29. Rxe7 Bd4 30. hxg6 Nf2+ 31. Rxf2 1-0